Cuentos para que los chicos se emocionen /

Guardado en:
Autor Principal: Bird, Poldy, dir,
Formato: Libro
Publicado: Buenos Aires : Orión, 1988
Edición:8a. ed.
Series:Tobogán / dirigida por Poldy Bird
Materias:
Etiquetas: Agregar Etiqueta
Sin Etiquetas, Sea el primero en etiquetar este registro!
LEADER 01172nam a22002295a 4500
001 CEM.cems012225
005 20060904135133.0
008 130507s1988##################000#0#####d
003 CEMS
020 |a 9505580355 
082 0 4 |a 808.8 
100 1 |a Bird, Poldy, dir, 
245 1 0 |a Cuentos para que los chicos se emocionen /  |c Poldy Bird ; ilustraciones de Limura 
250 |a 8a. ed. 
260 |a Buenos Aires :  |b Orión,  |c 1988 
300 |a 157 p. 
490 0 |a Tobogán / dirigida por Poldy Bird 
505 0 |a La lucecita / Silvina Ocampo -- La vendedora de cerillas / Hans Christian Andersen -- Cumpleaños / Poldy Bird -- La muñeca negra / José Martí -- El día menos pensado / Elsa Isabel Bornemann -- El ruiseñor y la rosa / Oscar Wilde -- Festejo / María Elena Togno -- El miedo de Luciana / María Elena Dubecq -- La última hoja / O. Henry -- Los osos / Alberto Blasi Brambilla -- El parque de diversiones / Luis Ricardo Furlan -- El pequeño vigia Lombardo / Edmundo de Amicis -- El portero / Miguel Angel Viola 
653 |a Literatura 
653 |a Literatura argentina 
653 |a Cuentos 
859 |a CEMS  |b BIB. CEMS - 11 de abril  |h 808.8  |i B532a8  |p 22027.03  |t Ej.1